Звичайний вигляд
Перегляд у МАРК
Входження „Corporate Name“
Кількість записів, які використовуються: 1
001 - CONTROL NUMBER
- control field: 24316
003 - CONTROL NUMBER IDENTIFIER
- control field: UA-OsUOA
005 - DATE AND TIME OF LATEST TRANSACTION
- control field: 20260306124344.0
008 - FIXED-LENGTH DATA ELEMENTS
- fixed length control field: 260306|| aca||aabn | a|a d
040 ## - CATALOGING SOURCE
- Original cataloging agency: UA-OsUOA
- Transcribing agency: UA-OsUOA
110 ## - HEADING--CORPORATE NAME
- Corporate name or jurisdiction name as entry element: Академия наук Украины
- Subordinate unit: Институт истории Украины
670 ## - SOURCE DATA FOUND
- Source citation: Work cat.: (UA-OsUOA)397657: Коринный Н. Н. 24315, Переяславская земля, Х – первая половина ХІІІ века, 1992